000 00218nam a22000857a 4500
008 161114b xxu||||| |||| 00| 0 eng d
100 _91186
_aBalasubramanian.
245 _aPrimary Science-4
260 _aNew Delhi
_bFrank
_c2012
999 _c3867
_d3867